[Event "Six Nations Cup 26th"]
[Site "Knuellwald"]
[Date "2022.05.01"]
[Round "5.4"]
[White "Makkinje, Jeroen"]
[Black "Gransmark, Patrik"]
[Result "0-1"]
[WhiteElo "1356"]
[BlackElo "1659"]
[PlyCount "46"]
[EventDate "2022.04.29"]
[EventType "team-tourn"]
[EventRounds "5"]
[EventCountry "GER"]
[WhiteTeam "Netherlands I"]
[BlackTeam "Sweden IV"]
[WhiteTeamCountry "NED"]
[BlackTeamCountry "SWE"]

1. e4 e6 2. d4 d5 3. e5 c5 4. c3 Bd7 5. Bd3 Qb6 6. Nf3 Bb5 7. O-O Bxd3 8. Qxd3
Nd7 9. Na3 a6 10. Nc2 Ne7 11. a3 Nc6 12. b4 cxd4 13. cxd4 h6 14. Bd2 Be7 15.
Rfb1 Qd8 16. b5 Na5 17. Bxa5 Qxa5 18. bxa6 bxa6 19. Rb7 Qa4 20. Qc3 O-O 21. Nb4
Rfc8 22. Rc7 Rxc7 23. Qxc7 Bxb4 0-1

[Event "Six Nations Cup 26th"]
[Site "Knuellwald"]
[Date "2022.05.01"]
[Round "5.2"]
[White "Muri, Emil"]
[Black "Deville, Olivier"]
[Result "1-0"]
[WhiteElo "1757"]
[BlackElo "1764"]
[PlyCount "35"]
[EventDate "2022.04.29"]
[EventType "team-tourn"]
[EventRounds "5"]
[EventCountry "GER"]
[WhiteTeam "Slovenia V"]
[BlackTeam "France III"]
[WhiteTeamCountry "SLO"]
[BlackTeamCountry "FRA"]

1. e4 c5 2. Nf3 d6 3. d4 Nf6 4. Nc3 cxd4 5. Qxd4 e5 6. Qe3 h6 7. Be2 Be7 8. O-O
O-O 9. Rd1 Be6 10. Nxe5 Nc6 11. Nc4 Na5 12. Nxa5 Qxa5 13. Qg3 Kh8 14. a3 a6 15.
Bf4 d5 16. exd5 Nxd5 17. Nxd5 Bxd5 18. b4 1-0

[Event "Six Nations Cup 26th"]
[Site "Knuellwald"]
[Date "2022.05.01"]
[Round "5.3"]
[White "Meyer, Eric"]
[Black "Stimec, Marjan"]
[Result "0-1"]
[WhiteElo "1633"]
[BlackElo "1747"]
[PlyCount "82"]
[EventDate "2022.04.29"]
[EventType "team-tourn"]
[EventRounds "5"]
[EventCountry "GER"]
[WhiteTeam "France III"]
[BlackTeam "Slovenia V"]
[WhiteTeamCountry "FRA"]
[BlackTeamCountry "SLO"]

1. d4 Nf6 2. Bg5 e6 3. e4 Be7 4. e5 Nd5 5. Bxe7 Nxe7 6. Nf3 b6 7. c3 Bb7 8.
Nbd2 d6 9. exd6 cxd6 10. Bb5+ Nbc6 11. O-O a6 12. Bd3 Ng6 13. g3 Nce7 14. Be4
Bxe4 15. Nxe4 Nf5 16. Re1 d5 17. Neg5 h6 18. Nh3 O-O 19. Qd3 Qd6 20. Rad1 Rfc8
21. a3 b5 22. Qe2 Rc7 23. Rd2 Rac8 24. Ne5 Nfe7 25. Nd3 a5 26. f4 Nc6 27. Nhf2
b4 28. axb4 axb4 29. cxb4 Nxd4 30. Qg4 Qb6 31. Kh1 Rc2 32. Red1 Nb3 33. Rxc2
Rxc2 34. f5 Ne5 35. Nxe5 Qxf2 36. Qh3 exf5 37. Rf1 Rc1 38. Rxc1 Nxc1 39. Qg2
Qe1+ 40. Qg1 Qe4+ 41. Qg2 Qxe5 0-1

[Event "Six Nations Cup 26th"]
[Site "Knuellwald"]
[Date "2022.05.01"]
[Round "5.4"]
[White "Cizman, Gregor"]
[Black "Ambrosino, Theo"]
[Result "0-1"]
[WhiteElo "1528"]
[BlackElo "1570"]
[PlyCount "56"]
[EventDate "2022.04.29"]
[EventType "team-tourn"]
[EventRounds "5"]
[EventCountry "GER"]
[WhiteTeam "Slovenia V"]
[BlackTeam "France III"]
[WhiteTeamCountry "SLO"]
[BlackTeamCountry "FRA"]

1. d4 d5 2. Nf3 Nf6 3. c3 e6 4. e3 c5 5. Bd3 Nc6 6. Nbd2 Bd6 7. O-O O-O 8. Re1
h6 9. h3 Re8 10. dxc5 Bxc5 11. b4 Bd6 12. Bb2 a6 13. a3 Bd7 14. c4 Bc7 15. Qc2
e5 16. cxd5 Nxd5 17. Red1 Nb6 18. Rac1 Rc8 19. Be4 Bb8 20. Qd3 Na4 21. Nc4 Nxb2
22. Nxb2 Re7 23. Nc4 Qf8 24. Qe2 Be6 25. Nb6 Rcc7 26. Nd5 Bxd5 27. Rxd5 Nd4 28.
Qb2 Rxc1+ 0-1

[Event "Six Nations Cup 26th"]
[Site "Knuellwald"]
[Date "2022.05.01"]
[Round "5.1"]
[White "Schellmann, Frank"]
[Black "Casadei, Marco"]
[Result "0-1"]
[WhiteElo "2055"]
[BlackElo "1968"]
[PlyCount "38"]
[EventDate "2022.04.29"]
[EventType "team-tourn"]
[EventRounds "5"]
[EventCountry "GER"]
[WhiteTeam "Germany II"]
[BlackTeam "Italy VI"]
[WhiteTeamCountry "GER"]
[BlackTeamCountry "ITA"]

1. e4 c5 2. c3 g6 3. d4 cxd4 4. cxd4 d5 5. e5 Bg7 6. Nf3 Bg4 7. Nbd2 Nc6 8. Bb5
Rc8 9. O-O e6 10. h3 Bxf3 11. Nxf3 Nge7 12. Bf4 Qb6 13. Qa4 a6 14. Bxc6+ Nxc6
15. Rfd1 O-O 16. Rd2 Qb4 17. Qxb4 Nxb4 18. a3 Nc6 19. Rc2 Nxe5 0-1

[Event "Six Nations Cup 26th"]
[Site "Knuellwald"]
[Date "2022.05.01"]
[Round "5.2"]
[White "Vrioni, Bersan"]
[Black "Dobierzin, Olaf"]
[Result "1/2-1/2"]
[WhiteElo "1942"]
[BlackElo "2004"]
[PlyCount "65"]
[EventDate "2022.04.29"]
[EventType "team-tourn"]
[EventRounds "5"]
[EventCountry "GER"]
[WhiteTeam "Italy VI"]
[BlackTeam "Germany II"]
[WhiteTeamCountry "ITA"]
[BlackTeamCountry "GER"]

1. e4 c5 2. Nc3 Nc6 3. f4 g6 4. Nf3 Bg7 5. Bb5 Nd4 6. Nxd4 cxd4 7. Ne2 e6 8.
O-O Ne7 9. d3 O-O 10. Ba4 d5 11. e5 Qa5 12. Bb3 Nc6 13. Bd2 Qb6 14. Qe1 a5 15.
a4 f6 16. exf6 Bxf6 17. Kh1 Bd7 18. Ng1 Rae8 19. Nf3 Bg7 20. Qg3 Qc7 21. Ng5 h6
22. Nf3 Kh7 23. Nh4 Rf6 24. Rf3 Ne7 25. Raf1 Nf5 26. Nxf5 gxf5 27. Qe1 b6 28.
Qe2 Rg6 29. Be1 Bf6 30. Rg3 Reg8 31. Rxg6 Rxg6 32. Bg3 Qd6 33. Be1 1/2-1/2